Statistics for MLB most 1.100+ OPS seasons

Click here to take the quiz!

General Stats

  • This quiz has been taken 10 times
  • The average score is 17 of 21

Answer Stats

TeamYrs#Answer% Correct
STL'03-'094Albert Pujols
100%
SFG'93-'046Barry Bonds
100%
CHW'941Frank Thomas
100%
HOU'941Jeff Bagwell
100%
CLE'021Jim Thome
100%
COL'97-'013Larry Walker
100%
ARI'011Luis Gonzalez
100%
STL, OAK'96-'993Mark McGwire
100%
COL'00-'012Todd Helton
100%
NYY'221Aaron Judge
89%
WSN
'15
1Bryce Harper
89%
MIL'191Christian Yelich
89%
CHC'011Sammy Sosa
89%
ATL'201Freddie Freeman
78%
CLE'99-'002Manny Ramirez
78%
CLE'941Albert Belle
67%
SEA'951Edgar Martinez
67%
OAK'00-'012Jason Giambi
67%
TOR'001Carlos Delgado
56%
WSN'201Juan Soto
44%
CIN'941Kevin Mitchell
11%

Score Distribution

Percentile by Number Answered

Percent of People with Each Score

Your Score History

You have not taken this quiz